00624nam a22001457a 450000500170000000800410001702000180005804000100007608200210008610000230010724501400013026000430027030000210031365001440033420260218151533.0260218b |||||||| |||| 00| 0 eng d a9789387791640 cVITAP 223a658.4092 LAS aLasrado, Allan Ed. aBusinessLine Change Makersb: People And Institutions That Have Worked Against The Odds To Bring About Positive Changec/ Allan Lasrado aChennaibTHG Publishing Pvt Ltd.c2024 a128p, ill.: 21cm 0aBusiness Leadership, Entrepreneurship, Corporate Transformation, Industry Insights, Innovation & Technology, Economic Reforms & Policy etc.